Fire Fighter's Handbook of Hazardous Materials / (Record no. 1461)

000 -LEADER
fixed length control field 00561nam a2200193 a 4500
008 - FIXED-LENGTH DATA ELEMENTS--GENERAL INFORMATION
fixed length control field 200103t2006 xxk||||g |||| 00| 0 eng d
020 ## - INTERNATIONAL STANDARD BOOK NUMBER
International Standard Book Number 9780763734084
Terms of availability $. 49.95
040 ## - CATALOGING SOURCE
Original cataloging agency IMU Kochi Library
Language of cataloging eng
041 0# - LANGUAGE CODE
Language code of text/sound track or separate title eng
082 04 - DEWEY DECIMAL CLASSIFICATION NUMBER
Edition number 23
Classification number 628.925
Item number B1711
100 1# - MAIN ENTRY--PERSONAL NAME
Personal name Baker, Charles J.
245 10 - TITLE STATEMENT
Title Fire Fighter's Handbook of Hazardous Materials /
250 ## - EDITION STATEMENT
Edition statement 7th ed.
260 ## - PUBLICATION, DISTRIBUTION, ETC. (IMPRINT)
Place of publication, distribution, etc London :
Name of publisher, distributor, etc Jones and Bartlett Publishers,
Date of publication, distribution, etc 2006.
300 ## - PHYSICAL DESCRIPTION
Extent x , 494 p. :
Dimensions 23 cm
650 #0 - SUBJECT ADDED ENTRY--TOPICAL TERM
Topical term or geographic name as entry element Fire extinction
Form subdivision Handbooks, manuals, etc
852 ## - LOCATION/CALL NUMBER
Location IMU Kochi Library
942 ## - ADDED ENTRY ELEMENTS (KOHA)
Item type Books
Holdings
Withdrawn status Lost status Source of classification or shelving scheme Damaged status Not for loan Collection code Permanent location Current location Shelving location Date acquired Source of acquisition Cost, normal purchase price Full call number Barcode Date last seen Koha item type Public note
          Nautical Science IMU Kochi Library IMU Kochi Library General Stacks 2010-01-03 M/s Arunima Book Distributor (Inv. No.ABD-103 Dt 2011-12-30) 2672.00 628.925 B1711 BK000200 2020-01-03 Books Gen. Shelf-14, Row-6


Copyright © All Rights Reserved by Indian Maritime University, Kochi Campus.
For any Suggestions/Query Contact to library or Email: library.kochi@imu.ac.in Ph:(0484)-2989402
(Web OPAC Designed by Rudra Ranjan. Maintained by IMU Kochi Library)

Powered by Koha